000 00722nam a2200229 i 4500
001 bg
100 1 _aGORCZYCKA, Ewa
245 1 0 _aMłodzież akademicka wobec Unii Europejskiej /
_cEwa Gorczycka ; Politechnika Częstochowska.
260 _aCzęstochowa :
_bWydaw. PC,
_c2002.
300 _a155, [1] s. :
_bil. ;
_c24 cm.
504 _aBibliogr.
610 2 9 _aUnia Europejska
_xsocjologia
650 9 _aStudenci
_xa Unia Europejska
_zPolska
710 0 _aPolitechnika Częstochowska
020 _a8371931840
040 _cBPK
041 0 _apol
080 _a316.64-057.875(438)"1989/...":[339.923:061.1A/Z](4-67)"1989/..."
920 _a83-7193-184-0
942 _cKS
008 s pl f |000 0 pol
999 _c42913
_d42913
856 _uhttp://koha.tu.koszalin.pl/cgi-bin/koha/opac-detail.pl?biblionumber=42913
_yKatalog online BPK